Les couleurs chaudes - Statistiques

Statistiques générales
  • Ce quiz a été pris 137 fois
  • Le résultat moyen est 5 sur 6
Statistiques - réponses
Hint Réponse % Correct
1 Rouge
97%
3 Jaune
95%
2 Orange
92%
Le bleu en est-il une ? Non
85%
Le marron en est-il une ? Oui
83%
4 Marron
47%
Aucun quiz correspondant
Distribution des résultats
% des personnes avec chaque résultat
Percentile par nombre de réponses
Votre historique - résultats
Vous n’avez pas pris ce quiz